Bioactive foods in promoting health: probiotics and prebiotics
Gespeichert in:
| Hauptverfasser: | , |
|---|---|
| Format: | Buch |
| Sprache: | Englisch |
| Veröffentlicht: |
Londres
Elsevier
2010
|
| Ausgabe: | 1a. ed |
| Schlagworte: | |
| Tags: |
Tag hinzufügen
Keine Tags, Fügen Sie den ersten Tag hinzu!
|
MARC
| LEADER | 00000cam a2200000 a 4500 | ||
|---|---|---|---|
| 001 | UCD0932 | ||
| 003 | CL-VaPUC | ||
| 008 | 151231e20100000uk |||||||||||||||||eng|d | ||
| 020 | |a 9780123749383 | ||
| 082 | 0 | 4 | |a 616.92 |b WAT |2 21 |
| 100 | 0 | |a Watson, Ronald Ross |e author |9 583967 | |
| 700 | 0 | |a Preedy, Victor R |e author |9 583968 | |
| 245 | 1 | 0 | |a Bioactive foods in promoting health: probiotics and prebiotics |
| 250 | |a 1a. ed | ||
| 300 | |a 617 p | ||
| 942 | |c BK | ||
| 945 | |d 20151231 00:34:00 |a dcastane | ||
| 260 | |a Londres |b Elsevier |c 2010 | ||
| 650 | 7 | |a PREBIOTICOS |2 CL-VaPUC |9 539054 | |
| 650 | 7 | |a PROBIOTICOS |2 CL-VaPUC |9 583969 | |
| 650 | 0 | |a Microbiología |9 259706 | |
| 650 | 0 | |a Lípidos |9 306890 | |
| 583 | |a last modification |c 20151231 00:34:00 |k Rodrigo Vera | ||
| 999 | |c 362369 |d 362367 | ||
| 952 | |0 0 |1 0 |3 erd |4 0 |6 616_920000000000000_WAT_2010 |7 0 |8 A |9 473479 |a BIBING |b BIBING |i 5258251 |o 616.92 WAT 2010 |p 5258251 |r 2025-01-20 |w 2019-11-24 |y BK |z Catalogado en:20151231 |k EIB | ||